5HLuxD.jpg

KING HENRY VIII SENIOR AND PRIMARY SCHOOL LIBRARY OPAC

Injury time / (Record no. 1655)

000 -LEADER
fixed length control field 00883nam a2200289 a 4500
001 - CONTROL NUMBER
control field 017613607
003 - CONTROL NUMBER IDENTIFIER
control field UkOxU
005 - DATE AND TIME OF LATEST TRANSACTION
control field 20230118082953.0
007 - PHYSICAL DESCRIPTION FIXED FIELD--GENERAL INFORMATION
fixed length control field ta
008 - FIXED-LENGTH DATA ELEMENTS--GENERAL INFORMATION
fixed length control field 100316r20101998enk j 000|1 eng|d
020 ## - INTERNATIONAL STANDARD BOOK NUMBER
International Standard Book Number 9781444001792 (pbk.) :
035 ## - SYSTEM CONTROL NUMBER
System control number (UK-WkNB)9781444001792
035 ## - SYSTEM CONTROL NUMBER
System control number (StEdALDL)1/2394681
040 ## - CATALOGING SOURCE
Original cataloging agency UK-WkNB
Language of cataloging eng
Transcribing agency UK-WkNB
Modifying agency UkOxU
-- KH8
082 ## - DEWEY DECIMAL CLASSIFICATION NUMBER
Classification number 823.914 GIB
100 1# - MAIN ENTRY--PERSONAL NAME
Personal name Gibbons, Alan,
Dates associated with a name 1953-
Relator term author
245 10 - TITLE STATEMENT
Title Injury time /
Statement of responsibility, etc. Alan Gibbons.
260 ## - PUBLICATION, DISTRIBUTION, ETC.
Place of publication, distribution, etc. London :
Name of publisher, distributor, etc. Orion Children's Books,
Date of publication, distribution, etc. 2010.
300 ## - PHYSICAL DESCRIPTION
Extent 152 p. ;
Dimensions 20 cm.
490 1# - SERIES STATEMENT
Series statement Total football
500 ## - GENERAL NOTE
General note First published: 1998.
500 ## - GENERAL NOTE
General note "The fourth novel in an action-packed series"--P. [4] of cover.
650 #0 - SUBJECT ADDED ENTRY--TOPICAL TERM
Topical term or geographic name entry element Soccer stories, English.
650 #0 - SUBJECT ADDED ENTRY--TOPICAL TERM
Topical term or geographic name entry element Epilepsy
Form subdivision Juvenile fiction.
800 1# - SERIES ADDED ENTRY--PERSONAL NAME
Personal name Gibbons, Alan
Dates associated with a name 1953-
Title of a work Total football ;
Volume/sequential designation 4.
942 ## - ADDED ENTRY ELEMENTS (KOHA)
Source of classification or shelving scheme
Koha item type Books - Non Ficton
Holdings
Withdrawn status Lost status Source of classification or shelving scheme Damaged status Not for loan Collection code Permanent Location Current Location Shelving location Date acquired Total Checkouts Full call number Barcode Date last seen Date last checked out Price effective from Koha item type
          Non-Fiction KH8 Primary School Library KH8 Primary School Library Non Fiction 2023-01-18 4 823.914 GIB KHPL000003413 2025-12-05 2025-02-27 2023-01-18 Books - Non Ficton

Powered By KH8 IT Dept